000
00337nam a2200121Ia 4500
008
231129s9999||||xx |||||||||||||| ||spa||
020
_a
84-205-3215-0
082
_a
658.314 J42c
100
_a
Jay Ros
245
0
_a
Cambiarse de trabajo
264
_a
Madrid EspaƱa : Prentice Hall
942
_2
ddc
_c
BKS
999
_c
6494
_d
6494